| 000 | 02305nam0a2200337 4500 | ||
|---|---|---|---|
| 001 | RU\NLR\BIBL_A\022704812 | ||
| 005 | 20260317134516.0 | ||
| 010 |
_a978-5-85502-312-1 _9100 |
||
| 021 |
_aRU _bКН-П-25-072802 _9КН-П-25-7054 |
||
| 035 | _a(NLR Aleph) 022704812 | ||
| 090 |
_a13635858 _c13635858 |
||
| 100 | _a20260120d2025 u y0rusy50 ca | ||
| 101 | 0 | _arus | |
| 102 | _aRU | ||
| 105 | _aa j 000yy | ||
| 181 | 0 |
_ai _baxxe |
|
| 182 | 0 | _an | |
| 200 | 1 |
_aТотальная панкреатэктомия _eучебное пособие _eдля обучающихся по основным профессиональным образовательным программам высшего образования по специальностям 31.08.57 "Онкология", 31.08.67 "Хирургия" _fТрифанов В. С., Рябов А. Б., Хороненко В. Э. [и др.] _gМосковский научно-исследовательский онкологический институт имени П. А. Герцена – филиал федерального государственного бюджетного учреждения "Национального медицинского исследовательского центра радиологии" Министерства здравоохранения Российской Федерации |
|
| 203 |
_aТекст _bвизуальный _cнепосредственный |
||
| 210 |
_aМосква _cМНИОИ им. П. А. Герцена - филиал ФГБУ "НМИЦ радиологии" Минздрава России _d2025 |
||
| 215 |
_a86 с. _cил., цв. ил., табл. _d21 |
||
| 320 | _aБиблиогр.: с. 74–81 (62 назв.) | ||
| 606 | 1 |
_aПоджелудочная железа _jУчебные издания _xУдаление _91489237 _3RU\NLR\AUTH\66639362 |
|
| 686 | 1 | _aР457.445.36-86я7 | |
| 701 | 1 |
_aТрифанов _bВ. С. _gВладимир Сергеевич |
|
| 701 | 1 |
_7ca _8rus _aРябов _bА. Б. _gАндрей Борисович _9142015 _3RU\NLR\AUTH\770142051 |
|
| 701 | 1 |
_aХороненко _bВ. Э. _gВиктория Эдуардовна |
|
| 942 | _cBOOK | ||
| 980 | _aNB | ||